000 00505nam a2200181Ia 4500
999 _c19126
_d19126
003 OSt
005 20200630143429.0
008 190216s9999||||xx |||||||||||||| ||und||
020 _a0882250620
040 _coclc
082 _a909.02
_bASH/D
100 _aAshley, Maurice
_93363
245 0 _aDown Of A New Era /
_cMaurice Ashley
260 _bNews Week Books,
_c1974.
_aNew York:
300 _a160p
650 _aWorld History
942 _cBK
_2ddc
_h909.02
_iASH/D
_k909.02
_mASH/D